000 00591nam a2200193 4500
001 10800
005 20230410123444.0
008 060907n1987 dr spa
020 _a8476760639
035 _9funglode10884
041 _aES
050 1 4 _aKF 4550 F911f 1987
100 _aFriendly, Fred W
245 1 _aFrenos y contrapesos del poder :
_bel ejemplo de los 200 años de la Constitución americana /
_cFred W. Friendly, Martha J. H. Elliott
260 _aBarcelona :
_bEdiciones Tesys,
_c1987
300 _a399 p.
700 _aElliott, Martha J. H
942 _2lcc
_cbk
999 _c61774
_d61774